000 01011cam a2200241 4500
008 031125n2003 000 0 eng u
020 _a1859461360
035 _a(Sirsi) u124454
041 _aeng
050 _a344.410465
_c18
100 _aLupton, Sarah
245 _aThrough the legislation maze
_bhealth and safety
260 _aLondon
_bRIBA Enterprises
_c2003
300 _a64p.
_c30cm.
350 _a12
490 _aRIBA Through the Legislation Maze series
520 _aThis guide looks at health and safety in relation to design and construction, focusing primarily on health and safety in the workplace. Provides an outline of the statutory framework and highlights recent changes in relevant legislation. List of legislation and references.
650 _aHEALTH AND SAFETY AT WORK ETC ACT 1974
650 _aCONSTRUCTION (DESIGN AND MANAGEMENT) REGULATIONS 1994
650 _aMANAGEMENT OF HEALTH AND SAFETY AT WORK REGULATIONS 1999
690 _aHEALTH AND SAFETY
_96244
942 _n0
999 _c103232
_d103232